Az első főszerep
Elmentve itt :
| Szerző: | |
|---|---|
| Dokumentumtípus: | Cikk |
| Megjelent: |
1971-10-16
|
| Sorozat: | Délmagyarország
61 No. 244 |
| Kulcsszavak: | Juhász József |
| Online Access: | http://dmarchiv.bibl.u-szeged.hu/95260 |
| LEADER | 00447nab a2200157 i 4500 | ||
|---|---|---|---|
| 001 | delm95260 | ||
| 005 | 20190327092340.0 | ||
| 008 | 190327s1971 hu o 0|| hun d | ||
| 040 | |a SZTE Délmagyarország Archívum |b hun | ||
| 041 | |a hun | ||
| 100 | 1 | |a Nikolényi István | |
| 245 | 1 | 3 | |a Az első főszerep |h [elektronikus dokumentum] / |c Nikolényi István |
| 260 | |c 1971-10-16 | ||
| 300 | |a 4 | ||
| 490 | 0 | |a Délmagyarország |v 61 No. 244 | |
| 695 | |a Juhász József | ||